000
00312nam a2200121Ia 4500
008
240624s9999 xx 000 0 und d
041
_a
eng
082
_a
658.8 STE
100
_a
STEIDL PETER
245
_a
WALKING THE GIANT REVITALISING THE MATUR
260
_c
2009
_a
Australia
_b
John Wiley & Sons
365
_c
_b
27
999
_c
15471
_d
15471